| 000 | 00799nam a22002177a 4500 | ||
|---|---|---|---|
| 999 |
_c19744 _d19744 |
||
| 003 | AR-CdUCM | ||
| 008 | 190521b ||||| |||| 00| 0 spa d | ||
| 040 |
_aMUNICIPALIDAD PROVINCIAL DEL CUSCO _cBIBLIOTECA MUNICIPAL DEL CUSCO |
||
| 082 |
_a330.153 / _bR48 |
||
| 100 |
_aRicardo, David _941293 |
||
| 245 | _aPrincipios de economía política y de tribulación / | ||
| 260 |
_aMadrid : _bM. Aguilar, |
||
| 300 |
_a407 páginas ; _c21 cm. |
||
| 505 | _aContenido: Del valor -- De la renta -- La renta de las minas -- Precio natural y precio del mercado... | ||
| 650 |
_aEconomia _9382 |
||
| 650 |
_aCiencias sociales _91096 |
||
| 650 |
_aTeoría de los precios _929766 |
||
| 700 |
_aÁlvarez, Valentín Andrés (traducción y prologo) _941294 |
||
| 942 |
_2ddc _cLIBROS |
||
| 945 |
_adavv _d2019-05-21 |
||